[Event "10. Open Internacional de Málaga"]
[Site "Campillos ESP"]
[Date "2007.02.25"]
[Round "2.7"]
[White "Serrano Marhuenda, Salvador"]
[Black "Colovic, Aleksandar"]
[Result "0-1"]
[WhiteElo "2143"]
[BlackElo "2463"]
[PlyCount "68"]
[EventDate "2007.02.24"]
[EventType "swiss"]
[EventRounds "9"]
[EventCountry "ESP"]
[Source "lmi"]
[SourceDate "2007.02.24"]

1. e4 c5 2. Nf3 d6 3. d4 cxd4 4. Nxd4 Nf6 5. Nc3 a6 6. Bg5 e6 7. f4 Be7 8. Qf3
Qc7 9. O-O-O Nbd7 10. Bd3 h6 11. Qh3 Nb6 12. Nf3 Rg8 13. Bh4 e5 14. f5 g5 15.
Bf2 g4 16. Qxh6 gxf3 17. gxf3 Ng4 18. Qh7 Bg5+ 19. Kb1 Nf6 20. Qh3 Bd7 21. Rhg1
Ke7 22. Rxg5 Rxg5 23. Bh4 Rh8 24. Bf1 Rgh5 25. Bxf6+ Kxf6 26. Qg3 Rg5 27. Qf2
Qc5 28. Qd2 Bc6 29. a3 a5 30. f4 Rgg8 31. h3 Ke7 32. Qh2 f6 33. Bd3 Qe3 34.
fxe5 dxe5 0-1

[Event "10. Open Internacional de Málaga"]
[Site "Campillos ESP"]
[Date "2007.02.25"]
[Round "2.8"]
[White "Herrera Mellado, Luis"]
[Black "Bellon Lopez, Juan Manuel"]
[Result "0-1"]
[WhiteElo "2140"]
[BlackElo "2442"]
[PlyCount "71"]
[EventDate "2007.02.24"]
[EventType "swiss"]
[EventRounds "9"]
[EventCountry "ESP"]
[Source "lmi"]
[SourceDate "2007.02.24"]

1. e4 c5 2. Nf3 e6 3. d4 cxd4 4. Nxd4 Nf6 5. Bd3 a6 6. O-O Qc7 7. Bg5 Be7 8.
Nc3 b5 9. a3 Bb7 10. Kh1 h6 11. Be3 Nc6 12. Nxc6 Bxc6 13. Qe2 d6 14. Rad1 Qb7
15. Bc1 Nd7 16. f4 Rb8 17. e5 dxe5 18. fxe5 Nc5 19. Qg4 Nxd3 20. Rxd3 g6 21.
Rg3 h5 22. Qf4 Bd8 23. h3 a5 24. Re1 g5 25. Rxg5 b4 26. axb4 axb4 27. Ne4 Bxe4
28. Qxe4 Bxg5 29. Bxg5 Rg8 30. Bf6 b3 31. Qxb7 Rxb7 32. Rd1 Rd7 33. Ra1 Rd2 34.
cxb3 Rxb2 35. Rg1 Kd7 36. b4 0-1

[Event "10. Open Internacional de Málaga"]
[Site "Campillos ESP"]
[Date "2007.02.25"]
[Round "2.9"]
[White "Fernandez Romero, Ernesto"]
[Black "Guadamuro Torrente, Ana Isabel"]
[Result "1-0"]
[WhiteElo "2434"]
[BlackElo "2107"]
[PlyCount "45"]
[EventDate "2007.02.24"]
[EventType "swiss"]
[EventRounds "9"]
[EventCountry "ESP"]
[Source "lmi"]
[SourceDate "2007.02.24"]

1. e4 e5 2. Nf3 Nc6 3. Bb5 Nf6 4. O-O Nxe4 5. d4 Nd6 6. Bg5 Be7 7. Bxe7 Qxe7 8.
Nxe5 Nxe5 9. Re1 O-O 10. Rxe5 Qf6 11. Bd3 b6 12. Nc3 Bb7 13. Qg4 c5 14. Nd5
Bxd5 15. Rxd5 c4 16. Bf1 Rfe8 17. c3 Re6 18. a4 a6 19. f4 Rae8 20. Re5 Qe7 21.
Rae1 f5 22. Qf3 Rxe5 23. fxe5 1-0

[Event "10. Open Internacional de Málaga"]
[Site "Campillos ESP"]
[Date "2007.02.25"]
[Round "2.10"]
[White "Gutierrez Lopez, Carlos"]
[Black "Dias, Paulo"]
[Result "1/2-1/2"]
[WhiteElo "2126"]
[BlackElo "2425"]
[PlyCount "104"]
[EventDate "2007.02.24"]
[EventType "swiss"]
[EventRounds "9"]
[EventCountry "ESP"]
[Source "lmi"]
[SourceDate "2007.02.24"]

1. e4 e5 2. Nf3 Nc6 3. Bb5 Nf6 4. d3 d6 5. c3 g6 6. O-O Bg7 7. Nbd2 O-O 8. Re1
Nd7 9. Nf1 Nb6 10. Bg5 Qe8 11. Ng3 f5 12. exf5 gxf5 13. d4 f4 14. Ne4 d5 15.
Ned2 e4 16. Ne5 Bxe5 17. dxe5 Qxe5 18. Qh5 Qf5 19. Qh4 Ne5 20. Rad1 c6 21. Bf1
Ng6 22. Qh6 Nd7 23. h4 Nde5 24. f3 e3 25. Nb3 Nf7 26. Qh5 Nxg5 27. hxg5 Ne5 28.
c4 dxc4 29. Nc5 Qg6 30. Qh4 Be6 31. Rd6 Rae8 32. Ne4 Kh8 33. Red1 Qg7 34. Be2
Ng6 35. Qh5 Qe5 36. Qh6 Qg7 37. Qh5 b5 38. Rxc6 Bf5 39. Nf6 Rd8 40. Rcd6 Rxd6
41. Rxd6 Ne5 42. Rd5 Qe7 43. Qh4 Ng6 44. Qh6 Rxf6 45. gxf6 Qxf6 46. Rxb5 Bc8
47. Bxc4 Qd4 48. Rd5 e2+ 49. Rxd4 e1=Q+ 50. Kh2 Qg3+ 51. Kg1 Qe1+ 52. Kh2 Qg3+
1/2-1/2

[Event "10. Open Internacional de Málaga"]
[Site "Campillos ESP"]
[Date "2007.02.25"]
[Round "2.11"]
[White "Ivanov, Jordan"]
[Black "Garcia Gata, Jorge David"]
[Result "1-0"]
[WhiteElo "2377"]
[BlackElo "2085"]
[PlyCount "55"]
[EventDate "2007.02.24"]
[EventType "swiss"]
[EventRounds "9"]
[EventCountry "ESP"]
[Source "lmi"]
[SourceDate "2007.02.24"]

1. d4 Nf6 2. c4 c5 3. d5 b5 4. cxb5 a6 5. b6 e6 6. Nc3 Nxd5 7. Nxd5 exd5 8.
Qxd5 Nc6 9. e4 Be7 10. Bc4 O-O 11. Nf3 Rb8 12. Bd2 Nb4 13. Bxb4 cxb4 14. Ne5
Qe8 15. O-O Rxb6 16. Rad1 Bd6 17. f4 Qe7 18. Kh1 Bc5 19. Nd3 d6 20. Nxc5 dxc5
21. e5 Rg6 22. f5 Bb7 23. Qxf7+ Rxf7 24. fxg6 Qg5 25. gxf7+ Kf8 26. Bd5 Bxd5
27. Rxd5 c4 28. e6 1-0

[Event "10. Open Internacional de Málaga"]
[Site "Campillos ESP"]
[Date "2007.02.25"]
[Round "2.12"]
[White "Ladron de Guevara Pinto, Miguel"]
[Black "Pilaj, Herwig"]
[Result "0-1"]
[WhiteElo "2093"]
[BlackElo "2373"]
[PlyCount "102"]
[EventDate "2007.02.24"]
[EventType "swiss"]
[EventRounds "9"]
[EventCountry "ESP"]
[Source "lmi"]
[SourceDate "2007.02.24"]

1. d4 d5 2. Nf3 Nf6 3. e3 c5 4. c3 Qc7 5. Bd3 Nc6 6. O-O Bg4 7. Nbd2 e6 8. Re1
Bd6 9. h3 Bh5 10. Nf1 O-O 11. dxc5 Bxc5 12. Ng3 Bg6 13. Bxg6 hxg6 14. b3 Bd6
15. Nf1 Ne5 16. Bb2 Rfc8 17. Nd4 a6 18. Nd2 Nd3 19. Qb1 Nxe1 20. Qxe1 Qe7 21.
a4 Rc7 22. Qe2 Rac8 23. Qd3 e5 24. Ne2 Qe6 25. Rc1 Qf5 26. Qxf5 gxf5 27. Kf1 b5
28. axb5 axb5 29. Ra1 Kf8 30. Ke1 Rb7 31. Kd1 Ke7 32. Ng3 g6 33. Ne2 Nd7 34.
Nc1 e4 35. b4 Nb6 36. Ne2 Na4 37. Ra2 Be5 38. Kc2 Rbc7 39. Nb1 g5 40. Nd4 Bxd4
41. exd4 f4 42. Kd2 f5 43. Ba1 Kd6 44. Na3 Kc6 45. c4 dxc4 46. Nxc4 Kd5 47. Na3
Nc3 48. Bxc3 Rxc3 49. Nxb5 Rd3+ 50. Ke2 g4 51. hxg4 fxg4 0-1

[Event "10. Open Internacional de Málaga"]
[Site "Campillos ESP"]
[Date "2007.02.25"]
[Round "2.13"]
[White "Recuero Guerra, David"]
[Black "Valero Cano, Emilio"]
[Result "1-0"]
[WhiteElo "2357"]
[BlackElo "2081"]
[PlyCount "29"]
[EventDate "2007.02.24"]
[EventType "swiss"]
[EventRounds "9"]
[EventCountry "ESP"]
[Source "lmi"]
[SourceDate "2007.02.24"]

1. e4 e6 2. d4 d5 3. Nc3 dxe4 4. Nxe4 Nd7 5. Nf3 Be7 6. Bd3 Ngf6 7. c3 O-O 8.
Nxf6+ Bxf6 9. h4 c5 10. Qc2 g6 11. h5 Re8 12. hxg6 hxg6 13. Bxg6 fxg6 14. Qxg6+
Bg7 15. Ng5 1-0

[Event "10. Open Internacional de Málaga"]
[Site "Campillos ESP"]
[Date "2007.02.25"]
[Round "2.14"]
[White "Borrego Gil, Diego"]
[Black "Kovacevic, Slobodan"]
[Result "0-1"]
[WhiteElo "2082"]
[BlackElo "2328"]
[PlyCount "40"]
[EventDate "2007.02.24"]
[EventType "swiss"]
[EventRounds "9"]
[EventCountry "ESP"]
[Source "lmi"]
[SourceDate "2007.02.24"]

1. d4 Nf6 2. c4 e6 3. Nc3 c5 4. d5 exd5 5. cxd5 d6 6. e4 g6 7. f4 Bg7 8. Nf3
O-O 9. Bd3 Bg4 10. O-O Nbd7 11. Qc2 Bxf3 12. Rxf3 a6 13. a4 Rc8 14. b3 Ng4 15.
h3 Bd4+ 16. Kh1 Qh4 17. Bd2 Nf2+ 18. Kh2 Nf6 19. Rxf2 Ng4+ 20. Kh1 Qg3 0-1

[Event "10. Open Internacional de Málaga"]
[Site "Campillos ESP"]
[Date "2007.02.25"]
[Round "2.15"]
[White "Rubio Doblas, Ricardo"]
[Black "Fenollar Jorda, Manuel"]
[Result "0-1"]
[WhiteElo "2065"]
[BlackElo "2307"]
[PlyCount "90"]
[EventDate "2007.02.24"]
[EventType "swiss"]
[EventRounds "9"]
[EventCountry "ESP"]
[Source "lmi"]
[SourceDate "2007.02.24"]

1. e4 e5 2. Nf3 Nc6 3. Bc4 Bc5 4. c3 Nf6 5. d4 exd4 6. cxd4 Bb4+ 7. Nc3 Nxe4 8.
O-O Bxc3 9. d5 Bf6 10. Re1 Ne7 11. Rxe4 d6 12. Bg5 Bxg5 13. Nxg5 h6 14. Qe2
hxg5 15. Re1 Be6 16. Re3 c6 17. dxe6 f6 18. Rh3 Rxh3 19. gxh3 g6 20. Rd1 d5 21.
Qf3 Nf5 22. Bd3 Nh4 23. Bxg6+ Ke7 24. Qd3 Qd6 25. b4 Qe5 26. b5 c5 27. Bf7 f5
28. Qa3 d4 29. b6 a6 30. Bh5 Qd5 31. Kf1 Rd8 32. Rd3 Rd6 33. Qa4 Qc6 34. Qc4
Rxe6 35. f3 Qxb6 36. Rb3 Qc6 37. Rxb7+ Qxb7 38. Qxc5+ Kd7 39. Qxd4+ Kc7 40.
Qg7+ Kb8 41. Qh8+ Qc8 42. Qb2+ Ka8 43. Bf7 Qc4+ 44. Kf2 Qc5+ 45. Kf1 Re3 0-1

[Event "10. Open Internacional de Málaga"]
[Site "Campillos ESP"]
[Date "2007.02.25"]
[Round "2.16"]
[White "Camacho Collados, Jose"]
[Black "Lobato Lavin, Alvaro"]
[Result "0-1"]
[WhiteElo "2306"]
[BlackElo "2049"]
[PlyCount "61"]
[EventDate "2007.02.24"]
[EventType "swiss"]
[EventRounds "9"]
[EventCountry "ESP"]
[Source "lmi"]
[SourceDate "2007.02.24"]

1. Nf3 Nf6 2. g3 g6 3. Bg2 Bg7 4. d4 O-O 5. c4 c5 6. O-O d6 7. Nc3 Nc6 8. dxc5
dxc5 9. Be3 Qa5 10. Qc1 e5 11. Bh6 Be6 12. Bxg7 Kxg7 13. Nd2 Nd4 14. Re1 Rad8
15. Bxb7 Rd7 16. Bg2 Rfd8 17. Nce4 Nxe4 18. Nxe4 h6 19. e3 Nf5 20. b3 Rd3 21.
Qb2 f6 22. Bf1 R3d7 23. Qc3 Qb6 24. a3 Nd6 25. Nxd6 Rxd6 26. b4 Rd2 27. Rab1
Qc6 28. bxc5 Qf3 29. Be2 Rxe2 30. Rxe2 Qxe2 31. Rb2 0-1

[Event "10. Open Internacional de Málaga"]
[Site "Campillos ESP"]
[Date "2007.02.25"]
[Round "2.17"]
[White "Medina Menendez, Eduardo Matias"]
[Black "Terron Elena, Francisco Miguel"]
[Result "1-0"]
[WhiteElo "2049"]
[BlackElo "2288"]
[PlyCount "57"]
[EventDate "2007.02.24"]
[EventType "swiss"]
[EventRounds "9"]
[EventCountry "ESP"]
[Source "lmi"]
[SourceDate "2007.02.24"]

1. e4 g6 2. d4 Bg7 3. Nc3 c6 4. Be3 d5 5. Qd2 Nf6 6. e5 Ng4 7. Bf4 h5 8. O-O-O
b5 9. h3 Nh6 10. Nf3 Qb6 11. Bd3 Nf5 12. Be2 h4 13. g4 hxg3 14. fxg3 a5 15. g4
Nh6 16. Ng5 e6 17. h4 a4 18. h5 b4 19. Nb1 gxh5 20. Rxh5 b3 21. cxb3 axb3 22.
a3 c5 23. Rdh1 cxd4 24. Nf3 Qc5+ 25. Kd1 Nxg4 26. Rxh8+ Kd7 27. Nxd4 Nf2+ 28.
Ke1 Nxh1 29. Rxh1 1-0

[Event "10. Open Internacional de Málaga"]
[Site "Campillos ESP"]
[Date "2007.02.25"]
[Round "2.18"]
[White "Cruz Ravina, Francisco Javier"]
[Black "Zamudio Diaz, Angel"]
[Result "1-0"]
[WhiteElo "2285"]
[BlackElo "2042"]
[PlyCount "91"]
[EventDate "2007.02.24"]
[EventType "swiss"]
[EventRounds "9"]
[EventCountry "ESP"]
[Source "lmi"]
[SourceDate "2007.02.24"]

1. e4 e6 2. d4 d5 3. Bd3 c5 4. exd5 Qxd5 5. Nf3 cxd4 6. O-O Nc6 7. Qe2 Nf6 8.
Rd1 Be7 9. Bc4 Qh5 10. Nxd4 Qxe2 11. Bxe2 Nxd4 12. Rxd4 O-O 13. Nc3 Rd8 14.
Rxd8+ Bxd8 15. Be3 Bd7 16. Rd1 Ba5 17. Ne4 Bc6 18. Nxf6+ gxf6 19. c4 a6 20. Bh6
Rd8 21. Rd3 Rxd3 22. Bxd3 f5 23. Kf1 Bc7 24. g3 Be5 25. b3 Bf3 26. Ke1 Bc3+ 27.
Bd2 Bg7 28. a4 Kf8 29. Be2 Be4 30. Kd1 Ke8 31. f3 Bc6 32. Be3 Kd7 33. Kc2 Be5
34. a5 Bc7 35. b4 e5 36. Bc5 Ba4+ 37. Kd2 Kc6 38. Bd3 Bb3 39. Bxf5 Bxc4 40.
Bxh7 Bd5 41. Be4 Bxa5 42. bxa5 Kxc5 43. Bxd5 Kxd5 44. g4 e4 45. Ke3 exf3 46.
Kxf3 1-0

[Event "10. Open Internacional de Málaga"]
[Site "Campillos ESP"]
[Date "2007.02.25"]
[Round "2.19"]
[White "Rioboo De Larriva, Alvaro"]
[Black "Rodriguez Lopez, Rafael"]
[Result "0-1"]
[WhiteElo "1765"]
[BlackElo "2283"]
[PlyCount "122"]
[EventDate "2007.02.24"]
[EventType "swiss"]
[EventRounds "9"]
[EventCountry "ESP"]
[Source "lmi"]
[SourceDate "2007.02.24"]

1. e4 c5 2. d4 cxd4 3. c3 dxc3 4. Nxc3 e6 5. Nf3 a6 6. Bc4 Nc6 7. Qe2 Nge7 8.
Bg5 f6 9. Be3 Ng6 10. O-O b5 11. Bb3 Na5 12. Rfd1 Nxb3 13. axb3 Bb7 14. Nd4 Qb8
15. Rac1 Be7 16. Qg4 O-O 17. f4 b4 18. Nxe6 dxe6 19. Qxe6+ Rf7 20. Nd5 Bxd5 21.
exd5 Nf8 22. Qc6 Bd6 23. Rc4 a5 24. g3 Qe8 25. Bb6 Qxc6 26. Rxc6 Rd7 27. f5 Ra6
28. Kg2 Bc7 29. Rxc7 Rxb6 30. Rc5 Ra6 31. Ra1 Rda7 32. Rb5 Nd7 33. Kf3 Kf7 34.
Ke4 Ke7 35. Kd4 Kd6 36. h3 a4 37. Rxb4 axb3 38. Rxa6+ Rxa6 39. Rxb3 Ra1 40. Ke3
Kxd5 41. g4 Nc5 42. Rb8 Ra7 43. Rd8+ Rd7 44. Rxd7+ Nxd7 45. Kf3 Nc5 46. b3 Nd3
47. Ke3 Nb4 48. Kf4 h6 49. h4 Kd4 50. g5 hxg5+ 51. hxg5 Nd5+ 52. Kg4 Ke4 53.
gxf6 gxf6 54. Kg3 Kxf5 55. Kf3 Ke5 56. Ke2 Ke4 57. Kf2 f5 58. Ke2 f4 59. Kf2 f3
60. Kf1 Ke3 61. Ke1 Nb4 0-1

[Event "10. Open Internacional de Málaga"]
[Site "Campillos ESP"]
[Date "2007.02.25"]
[Round "3.1"]
[White "Strikovic, Aleksa"]
[Black "Pilaj, Herwig"]
[Result "1-0"]
[WhiteElo "2557"]
[BlackElo "2373"]
[PlyCount "43"]
[EventDate "2007.02.24"]
[EventType "swiss"]
[EventRounds "9"]
[EventCountry "ESP"]
[Source "lmi"]
[SourceDate "2007.02.24"]

1. c4 c5 2. Nf3 Nc6 3. Nc3 e5 4. e3 Nf6 5. d4 cxd4 6. exd4 e4 7. Ne5 Qa5 8. c5
d5 9. Bb5 Bd7 10. Nxd7 Nxd7 11. O-O Nf6 12. Bg5 Rd8 13. Bxf6 gxf6 14. Qh5 Bg7
15. a3 O-O 16. b4 Nxb4 17. axb4 Qxb4 18. Rac1 Qxd4 19. Rfd1 Qb4 20. c6 f5 21.
c7 Bxc3 22. cxd8=Q 1-0

[Event "10. Open Internacional de Málaga"]
[Site "Campillos ESP"]
[Date "2007.02.25"]
[Round "3.2"]
[White "Kovacevic, Slobodan"]
[Black "Matamoros Franco, Carlos S"]
[Result "1/2-1/2"]
[WhiteElo "2328"]
[BlackElo "2540"]
[PlyCount "64"]
[EventDate "2007.02.24"]
[EventType "swiss"]
[EventRounds "9"]
[EventCountry "ESP"]
[Source "lmi"]
[SourceDate "2007.02.24"]

1. d4 Nf6 2. Nf3 c5 3. d5 g6 4. Nc3 Bg7 5. e4 O-O 6. Be2 b5 7. e5 Ng4 8. Bf4 b4
9. Ne4 d6 10. exd6 exd6 11. O-O Nf6 12. Bg5 Re8 13. Nfd2 h6 14. Nxf6+ Bxf6 15.
Bxf6 Qxf6 16. b3 Bf5 17. Bg4 Nd7 18. Bxf5 Qxf5 19. Nc4 Qf6 20. a3 Nb6 21. Ne3
a5 22. Qd3 Qd4 23. Rfd1 Qxd3 24. Rxd3 Rec8 25. Kf1 Kg7 26. Ke2 h5 27. h4 Kf6
28. g3 Rc7 29. Kd2 Rcc8 30. Ke2 Re8 31. Kd2 Re4 32. axb4 Ke5 1/2-1/2

[Event "10. Open Internacional de Málaga"]
[Site "Campillos ESP"]
[Date "2007.02.25"]
[Round "3.3"]
[White "Suba, Mihai"]
[Black "Recuero Guerra, David"]
[Result "1/2-1/2"]
[WhiteElo "2529"]
[BlackElo "2357"]
[PlyCount "94"]
[EventDate "2007.02.24"]
[EventType "swiss"]
[EventRounds "9"]
[EventCountry "ESP"]
[Source "lmi"]
[SourceDate "2007.02.24"]

1. c4 e5 2. Nc3 Nf6 3. Nf3 Nc6 4. e3 Bb4 5. Qc2 Bxc3 6. bxc3 e4 7. Ng5 Qe7 8.
f3 exf3 9. Nxf3 O-O 10. Be2 d6 11. O-O Re8 12. Rb1 Ng4 13. h3 Nf6 14. Nd4 Qe5
15. Rf3 Qg5 16. Nxc6 bxc6 17. d3 Qh4 18. Bd2 d5 19. cxd5 cxd5 20. Rb4 Qg5 21.
Rbf4 Nh5 22. Rxf7 Ng3 23. Bf1 Be6 24. R7f4 Nh5 25. e4 Nxf4 26. Bxf4 Qe7 27. Rg3
dxe4 28. Be5 g6 29. d4 Bd5 30. Qd2 Qf7 31. Bb5 c6 32. Ba4 Rxe5 33. dxe5 Re8 34.
Qd4 Qf4 35. Re3 Rxe5 36. Qxa7 Rf5 37. Bb3 c5 38. Bxd5+ Rxd5 39. Qa8+ Kg7 40.
Qxd5 Qxe3+ 41. Kf1 Qxc3 42. Qxe4 Qa1+ 43. Qe1 Qxa2 44. Qe5+ Kg8 45. Qxc5 Qd2
46. Qe5 Qa2 47. Kg1 Qf7 1/2-1/2

[Event "10. Open Internacional de Málaga"]
[Site "Campillos ESP"]
[Date "2007.02.25"]
[Round "3.4"]
[White "Fenollar Jorda, Manuel"]
[Black "Djuric, Stefan"]
[Result "0-1"]
[WhiteElo "2307"]
[BlackElo "2464"]
[PlyCount "110"]
[EventDate "2007.02.24"]
[EventType "swiss"]
[EventRounds "9"]
[EventCountry "ESP"]
[Source "lmi"]
[SourceDate "2007.02.24"]

1. d4 Nf6 2. Nf3 c5 3. c3 Qc7 4. e3 g6 5. Bd3 Bg7 6. O-O O-O 7. b4 c4 8. Bc2 a5
9. b5 d5 10. a4 Nbd7 11. Nbd2 Re8 12. e4 dxe4 13. Nxe4 Nxe4 14. Bxe4 Nf6 15.
Bc2 b6 16. Re1 Bb7 17. Bg5 Bd5 18. Bxf6 exf6 19. Qd2 Qb7 20. Qf4 Re7 21. Rxe7
Qxe7 22. Re1 Qa3 23. Be4 Bxe4 24. Qxe4 Rf8 25. Qc2 Bh6 26. g3 Rc8 27. Kg2 Bf8
28. Nd2 Kg7 29. Kg1 Rc7 30. Kg2 f5 31. Kg1 Be7 32. Kg2 Bf6 33. Re2 Qd6 34. Re1
Qd5+ 35. Kg1 h5 36. Qd1 h4 37. Qf3 Qd6 38. Qf4 Qd8 39. Nf3 h3 40. Kf1 Re7 41.
Ne5 Qd5 42. f3 Re6 43. Kf2 Qd6 44. Qc1 Bxe5 45. Rxe5 Rxe5 46. dxe5 Qxe5 47. Qe3
Qd6 48. Ke2 Kf6 49. f4 Kg7 50. Ke1 Qd5 51. Ke2 Kh7 52. Qf3 Qd6 53. Qe3 Kg7 54.
Kf2 Qd5 55. Qf3 Qd2+ 0-1

[Event "10. Open Internacional de Málaga"]
[Site "Campillos ESP"]
[Date "2007.02.25"]
[Round "3.5"]
[White "Colovic, Aleksandar"]
[Black "Cruz Ravina, Francisco Javier"]
[Result "0-1"]
[WhiteElo "2463"]
[BlackElo "2285"]
[PlyCount "138"]
[EventDate "2007.02.24"]
[EventType "swiss"]
[EventRounds "9"]
[EventCountry "ESP"]
[Source "lmi"]
[SourceDate "2007.02.24"]

1. e4 d5 2. exd5 Nf6 3. Bb5+ Nbd7 4. Nf3 Nxd5 5. d4 e6 6. c4 N5f6 7. O-O Be7 8.
Nc3 O-O 9. c5 c6 10. Ba4 Qc7 11. Bg5 e5 12. Re1 Re8 13. Nxe5 Nf8 14. Qf3 Ne6
15. Bxf6 Nxd4 16. Qh5 Bxf6 17. Nd5 cxd5 18. Bxe8 g6 19. Bxf7+ Qxf7 20. Qd1 Bxe5
21. Rxe5 Nc6 22. Rxd5 Bf5 23. Qd2 Re8 24. Rd1 Bg4 25. f3 Be6 26. Rd6 Bxa2 27.
Rd7 Re7 28. Rxe7 Qxe7 29. b4 Bf7 30. Re1 Qh4 31. Re4 Qd8 32. Qe2 a6 33. h3 Qd7
34. b5 axb5 35. Qxb5 Qd1+ 36. Kh2 Qd7 37. Ra4 Qc8 38. Qb2 Qc7+ 39. f4 Qc8 40.
Qa1 Be8 41. Ra8 Qe6 42. Qb2 Qd7 43. Qb3+ Kf8 44. Qe3 Qe7 45. Qc3 Kg8 46. Qb2
Qd7 47. Qf6 Ne7 48. Qd6 Kf7 49. Qe5 Qf5 50. Qd6 Qd5 51. Rd8 Bc6 52. Qxd5+ Nxd5
53. g3 Nf6 54. g4 Ne4 55. Rh8 Kg7 56. Rc8 Nxc5 57. Rc7+ Nd7 58. Kg3 h6 59. f5
Kf6 60. fxg6 Kxg6 61. h4 h5 62. gxh5+ Kxh5 63. Rc8 Nf6 64. Rh8+ Kg6 65. Kf4 Be8
66. Ke5 Kg7 67. Rxe8 Nxe8 68. Kd5 Nc7+ 69. Kc5 b5 0-1

[Event "10. Open Internacional de Málaga"]
[Site "Campillos ESP"]
[Date "2007.02.25"]
[Round "3.6"]
[White "Bellon Lopez, Juan Manuel"]
[Black "Medina Menendez, Eduardo Matias"]
[Result "1-0"]
[WhiteElo "2442"]
[BlackElo "2049"]
[PlyCount "66"]
[EventDate "2007.02.24"]
[EventType "swiss"]
[EventRounds "9"]
[EventCountry "ESP"]
[Source "lmi"]
[SourceDate "2007.02.24"]

1. d4 d5 2. Nf3 Nf6 3. c4 dxc4 4. e3 e6 5. Bxc4 Be7 6. Nc3 O-O 7. O-O c5 8. Qe2
cxd4 9. Rd1 a6 10. Nxd4 Qc7 11. a4 Bd7 12. e4 Nc6 13. Nxc6 Bxc6 14. e5 Nd7 15.
Bf4 Nb6 16. Bb3 Rad8 17. Rdc1 Qd7 18. a5 Na8 19. Bc2 Qd4 20. Be4 Rc8 21. Rd1
Qb4 22. Bxc6 Rxc6 23. Ra4 Qb3 24. Rad4 Bb4 25. Qg4 h5 26. Qxh5 Bxc3 27. bxc3
Qxc3 28. Bh6 f5 29. Bxg7 Qxd4 30. Qh8+ Kf7 31. Qxf8+ Kg6 32. Qf6+ Kh7 33. Qh6+
Kg8 1-0

[Event "10. Open Internacional de Málaga"]
[Site "Campillos ESP"]
[Date "2007.02.25"]
[Round "3.7"]
[White "Rodriguez Lopez, Rafael"]
[Black "Fernandez Romero, Ernesto"]
[Result "1/2-1/2"]
[WhiteElo "2283"]
[BlackElo "2434"]
[PlyCount "30"]
[EventDate "2007.02.24"]
[EventType "swiss"]
[EventRounds "9"]
[EventCountry "ESP"]
[Source "lmi"]
[SourceDate "2007.02.24"]

1. d4 Nf6 2. Nf3 g6 3. c4 d6 4. Nc3 Bf5 5. Bg5 Bg7 6. e3 O-O 7. Be2 c5 8. O-O
h6 9. Bh4 cxd4 10. Nxd4 Bc8 11. Rc1 Nc6 12. Nb3 Be6 13. Qd2 Na5 14. Nxa5 Qxa5
15. Rfe1 g5 1/2-1/2

[Event "10. Open Internacional de Málaga"]
[Site "Campillos ESP"]
[Date "2007.02.25"]
[Round "3.8"]
[White "Lobato Lavin, Alvaro"]
[Black "Ivanov, Jordan"]
[Result "0-1"]
[WhiteElo "2049"]
[BlackElo "2377"]
[PlyCount "55"]
[EventDate "2007.02.24"]
[EventType "swiss"]
[EventRounds "9"]
[EventCountry "ESP"]
[Source "lmi"]
[SourceDate "2007.02.24"]

1. e4 c5 2. Nf3 e6 3. d4 cxd4 4. c3 dxc3 5. Nxc3 a6 6. Bc4 b5 7. Bb3 Nc6 8. O-O
d6 9. Qe2 Ra7 10. Be3 Rd7 11. Rac1 Bb7 12. Nd4 Nxd4 13. Bxd4 Nf6 14. f4 Be7 15.
g4 d5 16. e5 Ne4 17. f5 Bc5 18. Nxb5 Bb6 19. Qe3 Qh4 20. Rc2 axb5 21. Bxb6 O-O
22. Bd4 h5 23. gxh5 exf5 24. Rg2 f6 25. Rxf5 fxe5 26. Rxf8+ Kxf8 27. Bxe5 Rf7
28. Bd4 0-1

[Event "10. Open Internacional de Málaga"]
[Site "Campillos ESP"]
[Date "2007.02.25"]
[Round "3.9"]
[White "Karim, Ismael"]
[Black "Zambrana, Oswaldo"]
[Result "0-1"]
[WhiteElo "2324"]
[BlackElo "2495"]
[PlyCount "114"]
[EventDate "2007.02.24"]
[EventType "swiss"]
[EventRounds "9"]
[EventCountry "ESP"]
[Source "lmi"]
[SourceDate "2007.02.24"]

1. e4 c5 2. Nf3 Nc6 3. d4 cxd4 4. Nxd4 Nf6 5. Nc3 e5 6. Ndb5 d6 7. Bg5 a6 8.
Na3 b5 9. Nd5 Be7 10. Bxf6 Bxf6 11. c4 b4 12. Nc2 a5 13. b3 O-O 14. g3 g6 15.
Bg2 Bg7 16. O-O Be6 17. Qd3 Ra7 18. Rad1 Bxd5 19. Qxd5 Qb6 20. Qb5 Qc7 21. Qd5
Qb6 22. Qb5 Qc7 23. Qd5 Rd8 24. Kh1 a4 25. f4 axb3 26. axb3 Ra2 27. Qd3 Rda8
28. f5 Rb2 29. Rb1 Raa2 30. Rxb2 Rxb2 31. Ne3 Nd4 32. Rb1 Rxb1+ 33. Qxb1 Qa7
34. Bf1 Nf3 35. Qc1 Bh6 36. c5 Qa2 37. Qc2 Qxc2 38. Nxc2 dxc5 39. Bc4 Nd2 40.
Bd5 Kg7 41. Kg2 gxf5 42. exf5 Kf6 43. g4 e4 44. h4 Bf4 45. Kf2 c4 46. bxc4 b3
47. Na3 b2 48. c5 e3+ 49. Kg2 b1=R 50. Nxb1 Nxb1 51. c6 Nc3 52. Bc4 e2 53. Bxe2
Nxe2 54. Kf3 Ke7 55. Kxe2 Bg3 56. c7 Kd7 57. h5 Bh4 0-1

[Event "10. Open Internacional de Málaga"]
[Site "Campillos ESP"]
[Date "2007.02.25"]
[Round "3.10"]
[White "Tratar, Marko"]
[Black "Gutierrez Lopez, Carlos"]
[Result "1-0"]
[WhiteElo "2478"]
[BlackElo "2126"]
[PlyCount "119"]
[EventDate "2007.02.24"]
[EventType "swiss"]
[EventRounds "9"]
[EventCountry "ESP"]
[Source "lmi"]
[SourceDate "2007.02.24"]

1. Nf3 c5 2. c4 Nf6 3. Nc3 g6 4. e4 d6 5. d4 cxd4 6. Nxd4 Nc6 7. Be2 Nxd4 8.
Qxd4 Bg7 9. Bg5 h6 10. Be3 O-O 11. Qd2 Kh7 12. f3 Be6 13. Rc1 Qa5 14. b3 Rfc8
15. g4 Nd7 16. Nd5 Qxd2+ 17. Kxd2 Bxd5 18. exd5 a5 19. h4 Nc5 20. Rb1 b6 21.
Rhc1 Re8 22. Bd3 Kg8 23. f4 e5 24. dxe6 Rxe6 25. Re1 Rae8 26. Bf2 Rxe1 27. Rxe1
Rxe1 28. Bxe1 Bd4 29. Bc2 Bb2 30. Bg3 Kg7 31. Ke3 Kf6 32. Kf3 Ke7 33. Bf2 Ke6
34. Be3 Bg7 35. f5+ gxf5 36. Bxf5+ Ke7 37. Ke2 d5 38. cxd5 Kd6 39. Bd3 Ke5 40.
h5 f6 41. Bc4 f5 42. gxf5 Kxf5 43. Kf3 Bf8 44. Bf4 a4 45. bxa4 Nxa4 46. Bd3+
Kf6 47. d6 Nc5 48. Bb5 Ke6 49. Ke3 Bxd6 50. Bxh6 Kf5 51. Kd4 Ne6+ 52. Kc4 Nf4
53. Be8 Kg4 54. a4 Nxh5 55. Be3 Bc7 56. Bxh5+ Kxh5 57. Kb5 Bg3 58. Bxb6 Be1 59.
Bc5 Kg6 60. Bb4 1-0